部首为牛/牜的常见中文汉字 Common Chinese characters with the radical “Cattle” - Statistics

General Stats
  • This quiz has been taken 27 times
  • The average score is 10 of 27
Answer Stats
拼音首字母 笔画数 汉字 % Correct
m 7
84%
n 4
84%
p 6
76%
s 9
72%
m 8
68%
x 10
68%
t 10
56%
w 8
56%
m 8
52%
l 11
48%
d 12
40%
ɡ 9
40%
j 12
36%
j 12
32%
k 14
28%
m 6
28%
t 7
24%
j 12
20%
j 16
20%
x 12
20%
l 7
16%
p 13
16%
ɡ 11
12%
j 9
12%
c 20
8%
q 9
8%
w 11
8%
No matching quizzes found
Score Distribution
Percent of People with Each Score
Percentile by Number Answered
Your Score History
You have not taken this quiz